000
00283nam a22001217a 4500
040
_c
SK
082
_a
630
100
_a
ហួត វុត្ថា
245
_a
Fisheries forestry; ព្រៃលិចទឹក
260
_a
RUA
_b
ហួត
_c
2008
300
_a
55p.
942
_c
KB
999
_c
10077
_d
10077